000 00521nam a2200193 a 4500
001 1773825107213
003 YourLibrary
005 20260318144535.0
008 260318s2005##################000#0#eng##
020 _a9780854042012
082 0 4 _a338.1HES
100 1 _aHester, Ronald E.,
_eauthor.
245 1 0 _aSustainability in Agriculture :
260 _bRoyal Society of Chemistry,
_c2005.
300 _a145 pages
650 0 _aBusiness & Economics.
942 _cENGLISH
040 _aYourLibrary
_beng
_cYourLibrary
999 _c617847
_d617847